000 00365cam a2200145ua 4500
041 _aeng
_h
082 _a823.308
_bDIC/CH
100 _aDickens, Charles .
245 _aChristmas stories /
_cCharles Dickens.
_hTextual Documents
260 _aLondon :
_bJ M Dent and Sons Ltd ,
_c1959.
300 _a707 ; .
504 _a
942 _cBK
999 _c11518
_d11518